01869nam a2200253 a 4500999001700000020002700017020003000044082001300074100002200087245002900109250001200138260003600150300001300186490001700199520112400216650002601340650001801366700001901384700002101403700002101424856007001445942000701515952009301522 c16625d16625 a0132702320 (hardcover) a9780132702324 (hardcover) a621.9KIB1 aKibbe, Richard R.10aMachine Tool Practices / a6th ed. a[S.l.] :bPrentice Hall,c2013. a822 p. ;1 a6th edition. aThis richly illustrated and timely guide provides a solid background in the standard practices of machining technology, covering the core subject areas essential for today's computer numerical control (CNC) and conventional machine operators, general machinists or tool and die makers. Each section begins with an introductory overview, followed by easy-to-read instructional units designed around specific projects that accurately reflect the state of the art in industrial machine shop environments. Uses graphic explanations to demonstrate important concepts, common errors, and difficulties encountered by machinists, and integrates over 1,850 illustrations demonstrating use of tools and machines. Now expands development of trigonometry and geometry dimensions and tolerances; adds color inserts throughout highlighting shop tips, safety tips, new technology, and career tips, and; provides more insight into the processes and tools and to encourage readers pursue further research on adjunct topics. For professionals in machine processes, industrial technology, industrial mechanics, and industrial engineering. aMachine-shop practice aMachine-tools1 aNeely, John E.1 aMeyer, Roland O.1 aWhite, Warren T.40uhttp://www.amazon.com/exec/obidos/ASIN/0132702320/chopaconline-20 cBK 00104070aSLMEbSLMEd2016-07-18g1075.00l0o621.9KIBp54340r2016-07-18 00:00:00yBK